Mémoires d'Hadrien

Guardat en:
Dades bibliogràfiques
Autor principal: Yourcenar, Marguerite
Format: Llibre
Idioma:Undetermined
Publicat: París, Francia Plon 1951
Matèries:
Etiquetes: Afegir etiqueta
Sense etiquetes, Sigues el primer a etiquetar aquest registre!

MARC

LEADER 00000nam a2200000Ia 4500
008 170316s9999 xx 000 0 und d
040 |a cru BVZT 
090 |a 840 Y-1m 
100 |a Yourcenar, Marguerite 
245 |a Mémoires d'Hadrien 
260 |a París, Francia 
260 |b Plon 
260 |c 1951 
300 |a 437 páginas 
650 |a LITERATURA FRANCESA 
999 |c 8073  |d 8073 
942 |c 15 D  |h 840 Y-1m  |2 z